20 Famous People from Romania - Statistics

General Stats
  • This quiz has been taken 203 times
    145 since last reset
  • The average score is 9 of 20
Answer Stats
Hint Answer % Correct
First gymnast to be awarded a perfect score of 10.0 at the Olympic Games Nadia Comaneci
88%
Communist dictator who was overthrown and executed in the Romanian Revolution in 1989 Nicolae Ceausescu
85%
Greatest Romanian footballer of all time who played and thre FIFA World Cups Gheorghe Hagi
72%
Female tennis player who has been ranked world No.1 Simona Halep
66%
Voivode of Wallachia whose reputation inspired the name of the vampire Count Dracula Vlad Tepes
59%
Poet, novelist, and journalist, regarded as the most famous and influential Romanian poet Mihai Eminescu
58%
Sculptor, painter and photographer who made his career in France Constantin Brancusi
55%
One of the world's top tennis players of the 1970s Ilie Nastase
54%
Politician who served as President of Romania from 1989 to 1996 and from 2000 to 2004 Ion Iliescu
51%
Composer regarded as one of the greatest musicians in Romanian history George Enescu
44%
Actor who starred as Winter Soldier in the Marvel Cinematic Universe Sebastian Stan
43%
Nicknamed "Ghita", tallest player ever to have played in the NBA Gheorghe Muresan
41%
Engineer and aerodynamics pioneer who was working on propeller planes Henri Coanda
41%
Musician known as "The Master of the Pan Flute" Gheorghe Zamfir
30%
Historian of religion, fiction writer and philosopher Mircea Eliade
28%
Playwright and one of the foremost figures of the French Avant-garde theatre Eugene Ionesco
22%
Author of the bestseller Night, a book about his experience in the Nazi concentration camp Elie Wiesel
19%
Female athlete who won medals in the 1500 m and 5000 m events at the Olympics Gabriela Szabo
16%
Cell biologist who was awarded the Nobel Prize in Physiology and Medicine in 1974 George Emil Palade
16%
Artistic gymnast who won 31 medals at Olympics, World and European championships Marian Drăgulescu
10%
No matching quizzes found
Score Distribution
Percent of People with Each Score
Percentile by Number Answered
Your Score History
You have not taken this quiz since the last reset